00884nam a22002532 450000100060000000300080000600500170001400800410003103500190007204000310009104100110012208200220013310000380015524501410019325000200033426000380035430000330039250000490042550400510047465000160052570000350054170000250057670000290060112918BD-RjUL20211208235356.0140129s1965 enka b 001 0 eng c a(BD-RjUL)12968 aDLC/ICUcCGUdBD-RjULbeng1 aengrus00a547.038bKOP 19651 aKorshak, Vasiliĭ Vladimirovich.10aPolyesters /c[by] V. V. Korshak and S. V. Vinogradova ; Translated from the Russian by B. J. Hazzard ; Translation edited by J. Burdon. a1st English ed. aOxford ;bPergamon Press,cc1965. axv, 548 p. :bill. ;c24 cm. aTranslation of [Geterot͡sepnye poliėfiry] aIncludes bibliographical references and index. 0aPolyesters.1 aVinogradova, S. V. , jt. auth.1 aHazzard, B. J. , tr.1 aBurdon, J. , tr. & ed.